Reflexions al voltant de la Llei Electoral Catalana
Salvato in:
| Ente Autore: | |
|---|---|
| Natura: | testo |
| Pubblicazione: |
Barcelona:
ICPS
|
| Soggetti: | |
| Tags: |
Aggiungi Tag
Nessun Tag, puoi essere il primo ad aggiungerne!!
|
MARC
| LEADER | 00000 a a2200000 04500 | ||
|---|---|---|---|
| 001 | 29681 | ||
| 003 | |||
| 040 | |||
| 020 | |a 84-95417-19-7 | ||
| 090 | |a 193600 | ||
| 110 | |a Fundació Carles Pi i Sunyer d'Estudis Autonómics i Locals | ||
| 245 | |a Reflexions al voltant de la Llei Electoral Catalana | ||
| 260 | |a Barcelona: |b ICPS | ||
| 300 | |a 174 p. |b map. | ||
| 650 | |a SISTEMAS ELECTORALES | ||
| 650 | |a SOCIEDAD POLITICA | ||
| 650 | |a REFORMA CONSTITUCIONAL | ||
| 650 | |a LEGISLACION | ||
| 650 | |a ELECCIONES | ||
| 650 | |a PARTIDOS POLITICOS | ||
| 650 | |a PARTICIPACION POLITICA | ||
| 999 | |c 15391 |d 15391 | ||



